[Event "Rubinstein mem"]
[Site "Polanica Zdroj"]
[Date "1996.??.??"]
[Round "8"]
[White "Movsesian, Sergei"]
[Black "Kempinski, Robert"]
[Result "1-0"]
[WhiteElo "2635"]
[BlackElo "2510"]

1.e4 c5 2.Nc3 d6 3.Nf3 a6 4.d4 cxd4 5.Nxd4 Nf6 6.Be3 e5 7.Nb3 Be6 8.f3 Be7
9.Qd2 O-O 10.O-O-O b5 11.g4 b4 12.Nd5 Bxd5 13.exd5 a5 14.g5 Nfd7 15.Kb1 a4
16.Nc1 Qa5 17.h4 Na6 18.h5 Nac5 19.Rh4 Rfb8 20.Bh3 Qb5 21.Bf5 b3 22.a3 e4
23.c4 Qa6 24.Bxd7 Nxd7 25.Rxe4 Ne5 26.Qe2 f5 27.gxf6 Bxf6 28.f4 Nd7 29.h6 Re8
30.Bd4 Qc8 31.Re1 Rxe4 32.Qxe4 Nc5 33.Bxc5 Qxc5 34.Nd3 Qc8 35.c5 dxc5 36.d6 Qf8
37.d7 Rd8 38.Qd5+ Kh8 39.Nxc5 gxh6 40.Qh5 Qd6 41.Re8+ Kg7 42.Ne6+  1-0

[Event "Rubinstein mem"]
[Site "Polanica Zdroj"]
[Date "1996.??.??"]
[Round "10"]
[White "Movsesian, Sergei"]
[Black "Rogers, Ian"]
[Result "0-1"]
[WhiteElo "2635"]
[BlackElo "2575"]

1.e4 c6 2.Nc3 d5 3.Nf3 Bg4 4.h3 Bh5 5.exd5 cxd5 6.Bb5+ Nc6 7.g4 Bg6 8.Ne5 Rc8
9.d4 e6 10.Qe2 Bb4 11.a3 Bxc3+ 12.bxc3 Ne7 13.h4 O-O 14.Nxg6 fxg6 15.h5 Rf7
16.Bd3 Qd6 17.hxg6 Nxg6 18.g5 e5 19.Qh5 e4 20.Qxh7+ Kf8 21.Be2 Ke7 22.Qh3 Rh8
23.Qg2 Nf4 24.Bxf4 Rxh1+ 25.Qxh1 Qxf4 26.Qg2 e3 27.O-O-O exf2+ 28.Kb2 Kd6
29.Bd3 Na5 30.Rf1 a6 31.Qh3 Rf8 32.Qh7 Qf7 33.Qh2+ Kd7 34.Qh3+ Kc6 35.a4 Kb6
36.g6 Qf6 37.Qd7 Nc4+ 38.Ka2 Ka7 39.Bxc4 dxc4 40.Qc7 Ka8 41.Qc5 Qf5 42.Qxf5 Rxf5
43.Kb2 a5 44.Kc1 Ka7 45.Kd2 b5 46.axb5 Kb6 47.Ke2 a4 48.d5 Re5+ 49.Kf3 Rxd5
50.Ke3 Rf5 51.Kd4 Kxb5 52.Rb1+ Kc6 53.Rf1 a3 54.Ke3 a2 55.Ke2 Re5+  0-1

[Event "Helma op"]
[Site "Pribram"]
[Date "1996.??.??"]
[Round "?"]
[White "Movsesian, Sergei"]
[Black "Jurek, Josef"]
[Result "1-0"]
[WhiteElo "2635"]
[BlackElo "2410"]

1.e4 e6 2.d4 d5 3.Nc3 Nc6 4.e5 Nge7 5.f4 h5 6.Be3 Nf5 7.Bf2 Be7 8.Nf3 b6
9.Qd2 a5 10.Bb5 Bd7 11.O-O-O Nb4 12.Be2 c5 13.a3 cxd4 14.Nxd4 Nxd4 15.Bxd4 Nc6
16.Be3 g6 17.Nb5 Qb8 18.Qc3 O-O 19.h4 Rc8 20.Qd2 Nb4 21.Nd4 Ra7 22.Kb1 Rac7
23.c3 Ba4 24.Rdg1 Nc6 25.g4 Nxd4 26.Bxd4 hxg4 27.h5 g5 28.fxg5 b5 29.g6 Bf8
30.Rxg4 b4 31.Rf1 Bg7 32.gxf7+ Rxf7 33.Rxf7 Kxf7 34.Qf4+ Kg8 35.Qf6 Qc7 36.h6  1-0

[Event "Helma op"]
[Site "Pribram"]
[Date "1996.??.??"]
[Round "?"]
[White "Movsesian, Sergei"]
[Black "Kucera"]
[Result "1-0"]
[WhiteElo "2635"]
[BlackElo "2305"]

1.e4 e6 2.d4 d5 3.Nc3 Be7 4.e5 c5 5.Qg4 g6 6.Nf3 cxd4 7.Nb5 Nc6 8.Nbxd4 Nxd4
9.Qxd4 Bd7 10.h4 h5 11.Bd3 Qc7 12.Bg5 Qc5 13.c3 Qxd4 14.cxd4 Nh6 15.Ke2 Nf5
16.Rac1 Bc6 17.g3 Kd7 18.Bxe7 Kxe7 19.Rc5 Rhc8 20.Rhc1 Kd7 21.Bxf5 gxf5 22.Ng5 b6
23.R5c3 Bb5+ 24.Ke3 Rxc3+ 25.Rxc3 Rf8 26.Nh7 Rh8 27.Nf6+ Kd8 28.Kf4 Rh6 29.b3 Rg6
30.Rc1 Rh6 31.f3 Be2 32.Rc6 Bb5 33.Rc2 a5 34.a4 Bd7 35.Rg2 Rh8 36.Kg5 Ke7
37.Rc2 Rc8 38.Rxc8 Bxc8 39.Kxh5 Ba6 40.Kh6 Kf8 41.Nd7+ Kg8 42.Nxb6 Be2 43.Nc8 Bd1
44.Ne7+ Kf8 45.Nc6 Bxb3 46.Nxa5 Bxa4 47.Nb7 Bd1 48.Nd6 Bxf3 49.Kg5 Kg7 50.h5 Be2
51.h6+ Kg8 52.Kf6 Bh5 53.Nxf7  1-0

[Event "SVK-chT9596"]
[Site "?"]
[Date "1996.??.??"]
[Round "10"]
[White "Oral, Tomas"]
[Black "Movsesian, Sergei"]
[Result "1/2-1/2"]
[WhiteElo "2460"]
[BlackElo "2580"]

1.e4 c5 2.Nf3 e6 3.c3 b6 4.d4 Bb7 5.Bd3 Nf6 6.e5 Nd5 7.O-O cxd4 8.cxd4 Be7
9.Nc3 h6 10.Re1 Qc8 11.Bd2 Nxc3 12.bxc3 Ba6 13.Be4 Bb7 14.Bd3 Ba6 15.Be4 Bb7  1/2-1/2

[Event "SVK-chT9596"]
[Site "?"]
[Date "1996.??.??"]
[Round "14"]
[White "Ftacnik, Lubomir"]
[Black "Movsesian, Sergei"]
[Result "1-0"]
[WhiteElo "2585"]
[BlackElo "2580"]

1.d4 e6 2.c4 Bb4+ 3.Bd2 Qe7 4.Nf3 f5 5.g3 Nf6 6.Bg2 Bxd2+ 7.Nfxd2 d6 8.Nc3 e5
9.dxe5 dxe5 10.Nd5 Qd8 11.e4 O-O 12.exf5 Bxf5 13.Nxf6+ Qxf6 14.Bxb7 Nc6 15.Bxa8 Rxa8
16.O-O Rd8 17.f3 e4 18.fxe4 Qd4+ 19.Rf2 Bg6 20.Qe2 Qxb2 21.Nb3 Qe5 22.Re1 a5
23.c5 Qe6 24.Qa6 Qe8 25.Qc4+ Bf7 26.Qa4 Qe6 27.Rd2 Rxd2 28.Nxd2 Ne5 29.Qxa5 Qc6
30.Qc3 Nd7 31.Nb3 h6 32.e5 Nf8 33.Nd4 Qd7 34.a4 Bd5 35.a5 Qh3 36.Re2 Ng6
37.Qe3 Qh5 38.e6 Ne7 39.Qf4 Kh7 40.Qxc7 Nc6 41.Qf7  1-0

[Event "ARM-ch"]
[Site "Yerevan"]
[Date "1996.??.??"]
[Round "3"]
[White "Aronian, Levon"]
[Black "Movsesian, Sergei"]
[Result "1-0"]
[WhiteElo "2310"]
[BlackElo "2580"]

1.d4 Nf6 2.Nc3 d5 3.Bg5 c6 4.Qd3 e6 5.e4 Qb6 6.O-O-O Nxe4 7.Nxe4 dxe4 8.Qg3 Qa5
9.Bc4 Nd7 10.Ne2 Bd6 11.Bf4 Bxf4+ 12.Nxf4 O-O 13.Rhe1 Nf6 14.f3 exf3 15.Re5 Qb4
16.Bd3 f2 17.c3 Qe7 18.Rf1 g6 19.Rxf2 Nd5 20.Nxd5 cxd5 21.Rh5 f5 22.Rg5 Bd7
23.h4 Be8 24.h5 Qf6 25.hxg6 hxg6 26.Qf4 Kf7 27.g4 Bd7 28.gxf5 exf5 29.Rfg2 Rg8
30.Be2 Rac8 31.Bf3 Be6 32.Rxg6 Rxg6 33.Bh5 Rg8 34.Qc7+ Kf8 35.Qb8+ Ke7 36.Qc7+ Bd7
37.Re2+ Qe6 38.Qc5+ Kd8 39.Rxe6 Rxe6 40.Qxd5 Rh8 41.Bd1 Kc7 42.Bf3 Bc8 43.Qc5+ Kb8
44.d5 Rg6 45.d6 Rh7 46.Qe5 Re6 47.Qf4 Bd7 48.Qc4 Bc8 49.Qd5 Re8 50.c4 Re3
51.Qg8 Rd7 52.Qg3 b6 53.Qf4 Re6 54.b4 Bb7 55.c5 bxc5 56.bxc5 Bxf3 57.Qxf3 Re8
58.c6 Rc8 59.c7+ Rcxc7+ 60.dxc7+ Rxc7+ 61.Kd2 Rc5 62.Kd3 Kc7 63.Kd4 Ra5 64.Qc3+ Kb6
65.Qc4 Rb5 66.a4 Ra5 67.Qb4+ Ka6 68.Kc4 f4 69.Qd6+ Kb7 70.Kb4 Ra6 71.Qd7+ Kb8
72.a5 Rh6 73.Qd8+ Kb7 74.Qe7+ Ka6 75.Qd7  1-0

[Event "CZE-ch"]
[Site "Zlin"]
[Date "1997.06.??"]
[Round "2"]
[White "Movsesian, Sergei"]
[Black "Meduna, Eduard"]
[Result "1/2-1/2"]
[WhiteElo "2630"]
[BlackElo "2460"]

1.e4 c6 2.Nc3 d5 3.d4 dxe4 4.Nxe4 Nd7 5.Nf3 Ngf6 6.Ng3 e6 7.Bc4 b5 8.Bd3 c5
9.dxc5 Bxc5 10.O-O a6 11.Ne4 Be7 12.Qe2 Bb7 13.Nxf6+ Nxf6 14.Rd1 Qc7 15.Ne5 O-O
16.Bf4 Rfd8 17.Bg3 Bd6 18.Re1 Bd5 19.a4 Qb7 20.axb5 axb5 21.Rxa8 Rxa8 22.Ng4 Be7
23.Nxf6+ Bxf6 24.Be5 Bxe5  1/2-1/2

[Event "CZE-ch"]
[Site "Zlin"]
[Date "1997.06.??"]
[Round "5"]
[White "Movsesian, Sergei"]
[Black "Blatny, Pavel"]
[Result "1/2-1/2"]
[WhiteElo "2630"]
[BlackElo "2540"]

1.e4 c6 2.d4 d5 3.Nd2 g6 4.h3 Bg7 5.Ngf3 Nf6 6.e5 Nfd7 7.Bd3 Nf8 8.Nf1 Ne6
9.Be3 c5 10.c3 Nc6 11.Qd2 cxd4 12.cxd4 Qb6 13.Ng3 Qb4 14.Ne2 Qxd2+ 15.Kxd2 O-O
16.h4 f6 17.exf6 exf6 18.h5 f5 19.hxg6 hxg6 20.Bh6 Bd7 21.Rh4 Bxh6+ 22.Rxh6 Kg7
23.Rah1 Rh8 24.Rxh8 Rxh8 25.Rxh8 Kxh8 26.Ne5 Be8 27.Nxc6 bxc6 28.f4 Kg7 29.b4 Kf6
30.Ke3 g5 31.g3 g4 32.Kd2 Bd7 33.Kc3 Nc7 34.a4 Ke6 35.Nc1 Kd6 36.Nb3 Ne8
37.Nd2 Nf6 38.Nf1 Nh5 39.Kd2 Kc7 40.Ke1 Kb6 41.a5+ Kc7 42.Kf2 Kd6 43.Ne3 Ng7
44.Ke1 Bc8 45.Kd2 a6 46.Ke1  1/2-1/2

[Event "Wch U20"]
[Site "Zagan"]
[Date "1997.07.15"]
[Round "2"]
[White "Bunzmann, Dimitrij"]
[Black "Movsesian, Sergei"]
[Result "0-1"]
[WhiteElo "2370"]
[BlackElo "2555"]

1.d4 Nf6 2.Nf3 g6 3.g3 Bg7 4.Bg2 O-O 5.O-O c6 6.c4 d6 7.b3 Nbd7 8.Bb2 Re8
9.h3 a5 10.Nc3 e5 11.e4 exd4 12.Nxd4 a4 13.Rb1 axb3 14.axb3 Nc5 15.Re1 Qb6
16.Ba1 Nfd7 17.b4 Rxa1 18.Rxa1 Qxb4 19.Na2 Qxc4 20.Rc1 Qd3 21.f3 d5 22.Kh2 dxe4
23.fxe4 Qxd1 24.Rcxd1 Nxe4 25.Nc3 Nef6 26.Rxe8+ Nxe8 27.Na4 Kf8 28.Nb3 Be5
29.Na5 Ke7 30.Re1 f6 31.Nc4 Nd6 32.Nxe5 Nxe5 33.Nb6 Be6 34.g4 Ndc4 35.Nxc4 Nxc4
36.Rb1 Nd6 37.Kg3 Kd7 38.h4 b5 39.Kf4 h6 40.Rc1 g5+ 41.Kg3 Nc4 42.hxg5 hxg5
43.Rh1 Ne3 44.Rf1 Nxg2 45.Kxg2 b4  0-1

[Event "Wch U20"]
[Site "Zagan"]
[Date "1997.07.17"]
[Round "4"]
[White "Movsesian, Sergei"]
[Black "Gyimesi, Zoltan"]
[Result "1/2-1/2"]
[WhiteElo "2555"]
[BlackElo "2525"]

1.e4 e5 2.Nf3 Nc6 3.Bc4 Bc5 4.c3 Nf6 5.d3 a6 6.Bb3 d6 7.h3 Ba7 8.Nbd2 Ne7
9.Nf1 Ng6 10.Ng3 O-O 11.O-O b5 12.Re1 Bb7 13.a4  1/2-1/2

[Event "Bourbon Lancy op"]
[Site "Bourbon Lancy"]
[Date "1997.??.??"]
[Round "2"]
[White "Shirazi, Kamran G"]
[Black "Movsesian, Sergei"]
[Result "0-1"]
[WhiteElo "2430"]
[BlackElo "2555"]

1.d4 Nf6 2.Nf3 g6 3.g3 Bg7 4.Bg2 O-O 5.O-O c6 6.b3 d6 7.Bb2 Re8 8.Nbd2 Bg4
9.h3 Bxf3 10.Nxf3 Nbd7 11.a4 a5 12.Re1 Qc7 13.e4 e5 14.d5 cxd5 15.exd5 Rac8
16.Nd2 Nb6 17.c4 Nbd7 18.h4 Nc5 19.Bh3 Rcd8 20.Ba3 Bh6 21.Nb1 Qb6 22.Nc3 Qxb3
23.Nb5 Qxc4 24.Bf1 Qg4 25.Nc7 Re7 26.Bxc5 dxc5 27.d6 Red7 28.Qxg4 Nxg4 29.Bh3 f5
30.Bxg4 fxg4 31.Nb5 Bf8 32.Rxe5 Bg7 33.Rae1 Bxe5 34.Rxe5 b6 35.Rd5 Kf7 36.h5 Kf6
37.hxg6 hxg6 38.Kf1 Re8 39.Rd2 Re4 40.Nc7 Rd4 41.Rb2 Kf7  0-1

[Event "Bourbon Lancy op"]
[Site "Bourbon Lancy"]
[Date "1997.??.??"]
[Round "6"]
[White "Tregubov, Pavel V"]
[Black "Movsesian, Sergei"]
[Result "1-0"]
[WhiteElo "2550"]
[BlackElo "2555"]

1.d4 Nf6 2.Nf3 g6 3.c4 Bg7 4.g3 O-O 5.Bg2 c6 6.Nc3 d6 7.O-O Nbd7 8.e4 e5
9.b3 Re8 10.h3 a5 11.Rb1 exd4 12.Nxd4 Nc5 13.Re1 Qe7 14.f3 Nfd7 15.Be3 Ne5
16.Re2 h5 17.Qf1 h4 18.g4 Ne6 19.Rd1 Nxd4 20.Bxd4 g5 21.Red2 Be6 22.Ne2 f6
23.f4 Nf7 24.a4 c5 25.Bb2 Rad8 26.Nc3 gxf4 27.Ne2 f3 28.Qxf3 Ng5 29.Qf2 Bd7
30.Nc3 Bc6 31.Re2 Qf7 32.Qxh4 Qg6 33.Rde1 Ne6 34.Nd5 Bxd5 35.exd5 Nf4 36.Re6 Nxe6
37.dxe6 Qg5 38.Qf2 Re7 39.Bc1 Qg6 40.Be4 f5 41.Qxf5 Qxf5 42.Bxf5 Bf6 43.Rd1 Kg7
44.Rd5 Bd4+ 45.Kg2 Kf6 46.Bf4  1-0

[Event "Bourbon Lancy op"]
[Site "Bourbon Lancy"]
[Date "1997.??.??"]
[Round "7"]
[White "Movsesian, Sergei"]
[Black "Fontaine, Robert"]
[Result "1/2-1/2"]
[WhiteElo "2555"]
[BlackElo "2395"]

1.e4 c6 2.Nc3 d5 3.d4 dxe4 4.Nxe4 Bf5 5.Ng3 Bg6 6.Bc4 e6 7.N1e2 Nd7 8.O-O Bd6
9.f4 Ne7 10.Bd3 Nf6 11.f5 Nxf5 12.Bxf5 exf5 13.Nxf5 O-O 14.Bg5 Bxf5 15.Rxf5 Be7
16.Qd3 g6 17.Rf3 Ng4 18.Bd2 Bg5 19.Nf4 Qb6 20.Nxg6 fxg6 21.Rxf8+ Rxf8 22.Bxg5 Qc7
23.g3 Nf2 24.Qc4+ Kg7 25.Qe6 Qf7 26.Qxf7+ Rxf7 27.Be3 Ng4 28.Bf4 Rd7 29.h3 Nh6
30.Re1 Nf5 31.c3 Kf7 32.Be5 Nd6 33.b3 Nb5 34.Re3 Nc7 35.a3 Ne6 36.Rd3 Ke7
37.c4 Ng5 38.g4 Ke6 39.Re3 Kf7 40.Kf2 a6 41.Ke2 Ne6 42.Rd3 Re7 43.Kd2 Ke8
44.Bf6 Rf7 45.g5 h6 46.h4 hxg5 47.hxg5 Rh7 48.Kc3 Kd7 49.a4 Rh5 50.Rg3 a5
51.b4 axb4+ 52.Kxb4 c5+ 53.dxc5 Kc6 54.Rd3 Nxc5 55.Rd8 Ne4 56.Rd5 Rh1 57.Be7 b6
58.Kb3 Rh3+ 59.Kb2 Rh2+ 60.Kc1 Rg2 61.Rd4 Nxg5 62.Rd6+ Kc7 63.Rxg6 Rg1+ 64.Kc2 Nf3
65.Rf6 Nd4+ 66.Kc3 Nc6 67.Bd6+ Kd7 68.Bf4  1/2-1/2

[Event "CZE-chT2 9697"]
[Site "CZE"]
[Date "1997.??.??"]
[Round "?"]
[White "Movsesian, Sergei"]
[Black "Polasek, Jaroslav"]
[Result "1-0"]
[WhiteElo "2630"]
[BlackElo "2280"]

1.e4 c5 2.Nf3 Nf6 3.Nc3 Nc6 4.Bb5 g6 5.e5 Ng4 6.Bxc6 dxc6 7.h3 Nh6 8.d3 Bg7
9.Be3 b6 10.g4 f6 11.exf6 exf6 12.Qe2 O-O 13.O-O-O Qc7 14.d4 cxd4 15.Nxd4 Re8
16.Rhe1 Bb7 17.f4 f5 18.gxf5 Bxd4 19.Qc4+ Qf7 20.Qxf7+ Kxf7 21.fxg6+ hxg6
22.Bxd4 Rxe1 23.Rxe1 Nf5 24.Be5 c5 25.Nd1 Nh4 26.Nf2 Nf3 27.Rd1 Nxe5 28.fxe5 Ke6
29.Ng4 Be4 30.Rd6+ Ke7 31.Nf6 Bf5 32.Nd5+ Kf7 33.e6+ Bxe6 34.Rxe6 Kxe6 35.Nc7+ Kd6
36.Nxa8 b5 37.Kd2 Kc6 38.Ke3 a5 39.Ke4 a4 40.a3 b4 41.c4  1-0

[Event "CZE-chT 9697"]
[Site "CZE"]
[Date "1997.??.??"]
[Round "2"]
[White "Movsesian, Sergei"]
[Black "Stocek, Jiri"]
[Result "1/2-1/2"]
[WhiteElo "2630"]
[BlackElo "2450"]

1.e4 c5 2.Nf3 d6 3.Nc3 Nf6 4.d4 cxd4 5.Nxd4 e6 6.g4 h6 7.h3 a6 8.Bg2 Nc6
9.Be3 Ne5 10.Qe2 g5 11.f4 gxf4 12.Bxf4 Bd7 13.Nf3 Qc7 14.O-O-O Be7 15.Qf2 Bc6
16.Nxe5 dxe5 17.Be3 Nd7 18.h4 Bb4 19.Rd3 Bb5 20.Nxb5 axb5 21.a3 Bc5 22.Rhd1 Bxe3+
23.Qxe3 Nb6 24.Qf2 b4 25.Qf6 bxa3 26.bxa3 Rg8 27.Bf1 Rg6 28.Qf2 Rc8 29.Rf3 Qc5
30.Qxc5 Rxc5 31.Rb3 Nc8 32.Rxb7 Rxg4 33.Bb5+ Kf8 34.Rd8+ Kg7 35.Be8 Rf4 36.Rdd7 Kf8
37.Bxf7 Nd6 38.Rb8+ Rc8 39.Rxc8+ Nxc8 40.Bxe6 Ne7 41.Rd8+ Kg7 42.Bd5 Nxd5
43.exd5 Rxh4 44.Re8 Kf6 45.c3 Rc4 46.Kc2 Rc5 47.d6 Rd5 48.Rh8 Kg7 49.Rd8 Kf7
50.c4 Ra5 51.Rh8 Ke6 52.Rxh6+ Kd7 53.Kb3 Kc6 54.Kb4 Ra8 55.c5 Rg8 56.Rh4 Rg1
57.Rh8 Rb1+ 58.Ka4 Rb7 59.Rc8+ Kd7 60.Rg8 Kc6 61.Rc8+ Kd7 62.Ra8 Kc6 63.Ra5 e4
64.d7 Rxd7 65.Kb4 Kd5  1/2-1/2

[Event "BL2-N9697"]
[Site "Germany"]
[Date "1997.??.??"]
[Round "?.1"]
[White "Movsesian, Sergei"]
[Black "Matthey, Harald"]
[Result "1-0"]
[WhiteElo "2630"]
[BlackElo "2325"]

1.e4 c6 2.Nf3 d5 3.Nc3 g6 4.h3 Bg7 5.d4 dxe4 6.Nxe4 Nd7 7.Bc4 Ngf6 8.Nxf6+ Nxf6
9.O-O O-O 10.a4 a5 11.c3 b6 12.Ne5 Bb7 13.Bf4 Nd7 14.Nd3 Re8 15.Re1 e6 16.Qb3 Ba6
17.Bxa6 Rxa6 18.Rad1 Ra8 19.Bd6 Bf8 20.Bg3 Qc8 21.c4 Bg7 22.Nc1 Qb7 23.Na2 Rad8
24.Nc3 Nb8 25.Ne4 Bxd4 26.Bh4 c5 27.Bxd8 Rxd8 28.Nxc5 Qe7 29.Ne4 Nc6 30.Qb5 Nb4
31.Qg5 f6 32.Qg4 Nc2 33.Rf1 f5 34.Qe2 Nb4 35.Nc3 e5 36.Kh1 e4 37.f3 Bxc3
38.Rxd8+ Qxd8 39.bxc3 Nd3 40.fxe4 fxe4 41.Qxe4 Nc5  1-0

[Event "BL2-N9697"]
[Site "Germany"]
[Date "1997.??.??"]
[Round "?.1"]
[White "Gisbrecht, Ewgeni"]
[Black "Movsesian, Sergei"]
[Result "0-1"]
[WhiteElo "2405"]
[BlackElo "2630"]

1.Nf3 Nf6 2.c4 g6 3.b3 Bg7 4.Bb2 O-O 5.g3 d6 6.d4 e5 7.dxe5 Nfd7 8.Nc3 dxe5
9.Bg2 Nc6 10.Nd2 f5 11.Nd5 Nd4 12.Bxd4 exd4 13.O-O Re8 14.Rb1 c6 15.Nf4 Nf6
16.Re1 g5 17.Nd3 Ne4 18.Nxe4 fxe4 19.Nc5 Bf5 20.Nxb7 Qe7 21.Na5 Qb4 22.Nxc6 Qc5
23.e3 Qxc6 24.exd4 Qf6 25.Rc1 Qxd4 26.Qxd4 Bxd4 27.c5 Rac8 28.b4 e3 29.Bd5+ Kg7  0-1

[Event "BL2-N9697"]
[Site "Germany"]
[Date "1997.??.??"]
[Round "?.1"]
[White "Movsesian, Sergei"]
[Black "Joecks, Christian"]
[Result "0-1"]
[WhiteElo "2630"]
[BlackElo "2395"]

1.e4 c5 2.Nf3 d6 3.d4 cxd4 4.Nxd4 Nf6 5.Nc3 a6 6.Be3 e6 7.f4 Qc7 8.g4 b5
9.g5 Nfd7 10.a3 Bb7 11.Qf3 Nc5 12.Bg2 g6 13.h4 Bg7 14.O-O-O Nc6 15.Nxc6 Bxc6
16.Bd4 Bxd4 17.Rxd4 O-O-O 18.Rhd1 h6 19.b4 Nb7 20.a4 hxg5 21.hxg5 Kb8 22.axb5 axb5
23.Bf1 Rc8 24.R4d2 Qb6 25.Kb2 Kc7 26.Ra1 Ra8 27.Rdd1 Rxa1 28.Rxa1 Qd4 29.Kb3 Nc5+
30.bxc5 dxc5 31.Ra7+ Kb6 32.Ra3 c4+ 33.Ka2 b4 34.Ra4 Bxa4 35.Nxa4+ Kc7 36.Nb2 Ra8+
37.Kb1 Qa7 38.Kc1 c3 39.Na4 Qxa4 40.Kd1 Qa1+  0-1

[Event "BL2-N9697"]
[Site "Germany"]
[Date "1997.??.??"]
[Round "?.1"]
[White "Muse, Mladen"]
[Black "Movsesian, Sergei"]
[Result "1/2-1/2"]
[WhiteElo "2445"]
[BlackElo "2630"]

1.d4 Nf6 2.Nf3 g6 3.c4 Bg7 4.Nc3 d6 5.e4 O-O 6.h3 c6 7.Be3 a6 8.Be2 b5 9.cxb5 axb5
10.a3 Nbd7 11.e5 Ne8 12.O-O dxe5 13.dxe5 Nc7 14.Nd4 Nxe5 15.f4 Nc4 16.Bxc4 bxc4
17.Nxc6 Qe8 18.Ne5 Bf5 19.Qf3 Rb8 20.Rf2 Rb3 21.Qe2 Bxe5 22.fxe5 Qc6 23.Rd1 Bd3
24.Qg4 Ne6 25.Qh4 Rb7 26.Rdd2 Ra8 27.Rf3 Ng7 28.Qf4 Rf8 29.Rdf2 Qe6 30.g4 Rbb8
31.Qg3 Ra8 32.Bh6 Ra5 33.Re3 Rd8 34.Qf4 Ne8 35.Ref3 f6 36.exf6 exf6 37.Re3 Qf7
38.Qf3 g5 39.Ne4 Bxe4 40.Qxe4 Rad5 41.Qe7 Qxe7 42.Rxe7 R5d7 43.Re5 Rd5 44.Re7 R5d7
45.Re5 Rd5  1/2-1/2

[Event "Groningen op"]
[Site "Groningen"]
[Date "1997.??.??"]
[Round "1"]
[White "Movsesian, Sergei"]
[Black "Gerard, Nicolas"]
[Result "1-0"]
[WhiteElo "2555"]
[BlackElo "2270"]

1.e4 c5 2.Nf3 d6 3.Nc3 Nf6 4.d4 cxd4 5.Qxd4 Nc6 6.Bb5 Bd7 7.Bxc6 Bxc6 8.Bg5 e6
9.O-O-O Be7 10.Qd3 Qc7 11.Kb1 d5 12.Bxf6 dxe4 13.Nxe4 Bxe4 14.Qxe4 Bxf6 15.g4 Rc8
16.g5 Be7 17.h4 O-O 18.h5 Qc6 19.Qe2 Qc4 20.Rd3 Rcd8 21.Ne5 Qb5 22.c4 Qc5
23.Rxd8 Rxd8 24.h6 g6 25.f4 Qd4 26.Qf3 Bxg5 27.Nxg6 hxg6 28.fxg5 Qd3+ 29.Qxd3 Rxd3
30.Kc2 Rg3 31.h7+ Kh8 32.Rf1 Rxg5 33.Rxf7 Rh5 34.Rxb7 Ra5 35.a3 g5 36.Rb5 Ra6
37.Rxg5 Kxh7 38.c5 Kh6 39.Rg3 Ra4 40.b4 a5 41.Kb3  1-0

[Event "Groningen op"]
[Site "Groningen"]
[Date "1997.??.??"]
[Round "2"]
[White "Sielecki, Christof"]
[Black "Movsesian, Sergei"]
[Result "1/2-1/2"]
[WhiteElo "2365"]
[BlackElo "2555"]

1.Nf3 Nf6 2.c4 g6 3.Nc3 Bg7 4.e4 d6 5.d4 O-O 6.Be2 Nbd7 7.Be3 c6 8.O-O e5
9.d5 c5 10.Ne1 Ne8 11.g4 Nb6 12.Kh1 f5 13.gxf5 gxf5 14.exf5 Bxf5 15.Nf3 e4
16.Ng5 Qe7 17.Rg1 Nf6 18.Qd2 Kh8 19.Rg3 Rg8 20.Rag1 Raf8 21.b4 Nbd7 22.Nb5 Ne5
23.bxc5 dxc5 24.Nxa7 b6 25.Nb5 Qd7 26.h3 Nd3 27.Nc3 Qe7 28.R1g2 Qe5 29.Bxd3 exd3
30.Bf4 Qd4 31.Nf3 Qxc4 32.Ne5 Qb4 33.Rxg7 Rxg7 34.Rxg7 Ne4 35.Nf7+ Rxf7 36.Rxf7 Kg8  1/2-1/2

[Event "Groningen op"]
[Site "Groningen"]
[Date "1997.??.??"]
[Round "3"]
[White "Movsesian, Sergei"]
[Black "Mas, Hafizulhelmi"]
[Result "1-0"]
[WhiteElo "2555"]
[BlackElo "2370"]

1.e4 c5 2.Nf3 d6 3.d4 cxd4 4.Nxd4 Nf6 5.Nc3 a6 6.Be3 Ng4 7.Bc1 Nc6 8.h3 Nf6
9.Be3 e5 10.Nde2 Be6 11.f4 Rc8 12.f5 Bc4 13.a3 d5 14.exd5 Ne7 15.Bg5 Nfxd5
16.Nxd5 Qxd5 17.f6 Nf5 18.Nc3 Qxd1+ 19.Rxd1 h6 20.Bxc4 hxg5 21.fxg7 Bxg7
22.O-O Rxc4 23.Rxf5 g4 24.Rg5 Bf6 25.Rxg4 Rxg4 26.hxg4 Be7 27.Rd5 f6 28.Kf2 Rh1
29.Rd1 Rxd1 30.Nxd1 b5 31.Kf3 Kf7 32.Nc3 Kg6 33.a4 b4 34.Ne4 Kf7 35.Nf2 Kg6
36.c4 b3 37.Nd3 Kg5 38.c5 e4+ 39.Kxe4 Kxg4 40.c6 f5+ 41.Ke5 Bd8 42.Ke6 Bb6
43.Ne5+ Kf4  1-0

[Event "Groningen op"]
[Site "Groningen"]
[Date "1997.??.??"]
[Round "8"]
[White "Movsesian, Sergei"]
[Black "Gurevich, Mikhail"]
[Result "1-0"]
[WhiteElo "2555"]
[BlackElo "2620"]

1.e4 e6 2.d4 d5 3.e5 c5 4.c3 Nc6 5.Nf3 Bd7 6.a3 Nge7 7.b4 cxd4 8.cxd4 Nf5
9.Be3 Nxe3 10.fxe3 f5 11.Bd3 Be7 12.Nc3 O-O 13.O-O Kh8 14.h3 Rc8 15.Ne2 Bg5
16.Qd2 Bh6 17.g4 g6 18.Rf2 Qe7 19.Raf1 Rf7 20.Rg2 fxg4 21.hxg4 Rcf8 22.Rg3 a5
23.b5 Nd8 24.Kg2 Kg8 25.Rh3 Qxa3 26.Rfh1 Rxf3 27.Rxf3 Rxf3 28.Kxf3 Nf7 29.Qc3 Qf8
30.Kg2 Qd8 31.Nf4 Bf8 32.Kg3 Nh6 33.Be2 a4 34.Bf3 Nf7 35.Qc2 Qe8 36.Qxa4 Bxb5
37.Qc2 Ng5 38.Qc7 Bc6 39.Bg2 Bb4 40.Kf2 Be7 41.Rb1 Kf8 42.Ra1 Kg8 43.Kg1 Bf8
44.Ra7 Nf7 45.Bf1 Bh6 46.Qa5 Bg5 47.Ra8 Bd8 48.Qb4 Kg7 49.Be2 Qd7 50.Bd3 Be7
51.Qb1 Bg5 52.Bxg6 Bxf4 53.Bxh7 Bxe3+ 54.Kg2 Nxe5 55.Rg8+ Kf6 56.Qf1+  1-0

[Event "Groningen op"]
[Site "Groningen"]
[Date "1997.??.??"]
[Round "10"]
[White "Burmakin, Vladimir"]
[Black "Movsesian, Sergei"]
[Result "1/2-1/2"]
[WhiteElo "2550"]
[BlackElo "2555"]

1.d4 Nf6 2.Nf3 e6 3.c4 Bb4+ 4.Nbd2 b6 5.a3 Bxd2+ 6.Qxd2 Bb7 7.e3 O-O 8.Bd3 Ne4
9.Qc2 f5 10.O-O d6 11.Bd2 Nxd2 12.Nxd2 Nd7 13.e4 f4 14.e5 Qh4 15.Nf3 dxe5
16.c5 Bd5 17.cxb6 cxb6 18.Bb5 Qd8 19.Bxd7 Qxd7 20.dxe5 Rac8  1/2-1/2

[Event "Groningen op"]
[Site "Groningen"]
[Date "1997.??.??"]
[Round "11"]
[White "Movsesian, Sergei"]
[Black "Nenashev, Alexander"]
[Result "1/2-1/2"]
[WhiteElo "2555"]
[BlackElo "2585"]

1.e4 e5 2.Nf3 Nc6 3.Bb5 a6 4.Ba4 Nf6 5.O-O Be7 6.d3 b5 7.Bb3 d6 8.c3 O-O
9.Re1 Na5 10.Bc2 c5 11.Nbd2 Re8 12.Nf1 Nc6 13.Ng3 Bf8 14.h3 g6 15.Nh2 Bg7
16.f4 exf4 17.Bxf4 d5 18.Nf3 dxe4 19.Nxe4 Nxe4 20.dxe4 Qxd1 21.Raxd1  1/2-1/2

[Event "Wichern op"]
[Site "Hamburg"]
[Date "1997.??.??"]
[Round "3"]
[White "Movsesian, Sergei"]
[Black "Hochgraefe, Markus"]
[Result "1-0"]
[WhiteElo "2555"]
[BlackElo "2290"]

1.e4 e6 2.d4 d5 3.Nc3 Bb4 4.e5 c5 5.Bd2 Nc6 6.Nb5 Bxd2+ 7.Qxd2 Nxd4 8.Nxd4 cxd4
9.f4 Ne7 10.Nf3 Qb6 11.O-O-O Nc6 12.h4 h5 13.Rh3 g6 14.Kb1 Bd7 15.Ng5 a6
16.Rb3 Qa7 17.a4 Rb8 18.Nf3 Qc5 19.Nxd4 Nxd4 20.Qxd4 Qxd4 21.Rxd4 a5 22.Rb6 Bc6
23.b4 axb4 24.Rdxb4 Kd7 25.Bb5 Kc7 26.a5 Rhc8 27.Kc1 Kd7 28.Bxc6+ Rxc6 29.Rxb7+ Rxb7
30.Rxb7+ Ke8 31.Kb2 Ra6 32.Rb5 Kd7 33.Kb3 Kc6 34.Kb4 Ra8 35.Rb6+ Kc7 36.Kb5 Ra7
37.Rc6+ Kd7 38.Kb6  1-0

[Event "Wichern op"]
[Site "Hamburg"]
[Date "1997.??.??"]
[Round "6"]
[White "Yemelin, Vasily"]
[Black "Movsesian, Sergei"]
[Result "0-1"]
[WhiteElo "2480"]
[BlackElo "2555"]

1.e4 c5 2.Nf3 e6 3.d4 cxd4 4.Nxd4 a6 5.Bd3 Nf6 6.O-O d6 7.c4 b6 8.Nc3 Bb7
9.Re1 g6 10.Nf3 Nc6 11.Bf1 Ng4 12.Bg5 f6 13.Bh4 Be7 14.Nd4 Nxd4 15.Qxd4 Ne5
16.f4 g5 17.fxe5 fxe5 18.Qd1 gxh4 19.Qh5+ Kd7 20.c5 bxc5 21.Bc4 Qg8 22.b4 Qg6
23.Qxg6 hxg6 24.bxc5 Bc6 25.Rad1 Rhb8 26.Rf1 Rb4 27.cxd6 Rxc4 28.Rf7 Rd4
29.dxe7 Re8 30.Rh7 Rxd1+ 31.Nxd1 Bxe4 32.Rxh4 Bd5 33.Ra4 Ra8 34.Ne3 Kxe7
35.Nc4 Kf6 36.Nb6 Ra7 37.Kf2 Bc6 38.Ra3 Rb7 39.Nc4 Bd5 40.Ra4 Bxc4 41.Rxc4 Rb2+
42.Kf3 Rxa2 43.h4 Ra3+ 44.Ke4 Rg3 45.Rc2 Rg4+ 46.Kf3 Rf4+ 47.Ke3 a5 48.g3 Rb4
49.Rf2+ Ke7 50.Ra2 a4 51.Kf3 Kd6 52.g4 Rb3+ 53.Ke4 Rg3 54.Rd2+ Ke7 55.g5 Rg4+
56.Kxe5 a3 57.Rf2 Ra4 58.Ra2 Ra8 59.Kd4 Kd6 60.Kc3 Ke5 61.Kc2 Kf4 62.Kb1 Kg4
63.Rh2 e5 64.Re2 Ra5 65.Re4+ Kf5 66.Re1 e4 67.Rf1+ Kg4 68.Rf6 e3 69.Rxg6 Re5  0-1

[Event "Wichern op"]
[Site "Hamburg"]
[Date "1997.??.??"]
[Round "9"]
[White "Movsesian, Sergei"]
[Black "Kortschnoj, Viktor"]
[Result "1/2-1/2"]
[WhiteElo "2555"]
[BlackElo "2610"]

1.e4 e6 2.d4 d5 3.Nc3 dxe4 4.Nxe4 Nd7 5.Nf3 Ngf6 6.Nxf6+ Nxf6 7.Bd3 c5 8.O-O cxd4
9.Nxd4 a6 10.c3 Bc5 11.Nf3 Qc7 12.Qe2 Bd6 13.Re1 Bd7 14.h3 h6 15.Bd2 Nd5
16.Ne5 Bxe5 17.Qxe5 Qxe5 18.Rxe5 f6 19.Ree1 O-O-O 20.c4 Nc7 21.Ba5 e5 22.Rad1 g5
23.Be4 Be6 24.b3 h5 25.Kh2 g4 26.h4 Rhg8 27.g3 Rxd1 28.Rxd1 f5 29.Bc2 Rd8
30.Rxd8+ Kxd8 31.Bc3 e4 32.Kg1 b5 33.cxb5 Nxb5 34.Bb2 Nc7 35.Kf1 Nd5 36.Ke2 Bd7
37.Kd2 Bb5 38.Bc3 Ke7 39.a4 Bf1 40.b4 Nc7 41.Bd4 Ke6 42.b5  1/2-1/2

[Event "CRO-chT"]
[Site "Medulin"]
[Date "1997.??.??"]
[Round "?"]
[White "Movsesian, Sergei"]
[Black "Horvath, Csaba"]
[Result "1/2-1/2"]
[WhiteElo "2630"]
[BlackElo "2485"]

1.e4 c5 2.Nf3 e6 3.b3 b6 4.d4 cxd4 5.Nxd4 Bb7 6.Bd3 d6 7.c4 Nf6 8.Nc3 Nbd7
9.O-O a6 10.Qe2 g6 11.Ba3 Be7 12.Rad1 O-O 13.Bb1 Re8 14.f4 Qc7 15.Bb2 Bf8
16.Kh1 Rad8 17.Qf3 Qc5 18.Nde2 b5 19.cxb5 axb5 20.Ng3 h5  1/2-1/2